<?xml version="1.0" encoding="UTF-8"?>
<collection xmlns="http://www.loc.gov/MARC21/slim">
 <record>
  <leader>02602nam a2200421 a 4500</leader>
  <controlfield tag="001">eep9781843769828</controlfield>
  <controlfield tag="003">DLC</controlfield>
  <controlfield tag="005">20041001092907.0</controlfield>
  <controlfield tag="006">m     o  d        </controlfield>
  <controlfield tag="007">cr un|||||||||</controlfield>
  <controlfield tag="008">030904s2004    xxka    ob    001 0 eng d</controlfield>
  <datafield tag="010" ind1=" " ind2=" ">
   <subfield code="a">  2003062357</subfield>
  </datafield>
  <datafield tag="020" ind1=" " ind2=" ">
   <subfield code="a">9781843769828 (e-book)</subfield>
  </datafield>
  <datafield tag="040" ind1=" " ind2=" ">
   <subfield code="a">DLC</subfield>
   <subfield code="c">DLC</subfield>
   <subfield code="d">DLC</subfield>
  </datafield>
  <datafield tag="043" ind1=" " ind2=" ">
   <subfield code="a">n-us---</subfield>
  </datafield>
  <datafield tag="050" ind1="0" ind2="0">
   <subfield code="a">HC110.H53</subfield>
   <subfield code="b">S513 2004</subfield>
  </datafield>
  <datafield tag="082" ind1="0" ind2="0">
   <subfield code="a">338/.04/0973</subfield>
   <subfield code="2">22</subfield>
  </datafield>
  <datafield tag="100" ind1="1" ind2=" ">
   <subfield code="a">Shane, Scott Andrew,</subfield>
   <subfield code="d">1964-</subfield>
  </datafield>
  <datafield tag="245" ind1="1" ind2="0">
   <subfield code="a">Academic entrepreneurship</subfield>
   <subfield code="h">[electronic resource] :</subfield>
   <subfield code="b">university spinoffs and wealth creation /</subfield>
   <subfield code="c">Scott Shane.</subfield>
  </datafield>
  <datafield tag="246" ind1="3" ind2="0">
   <subfield code="a">University spinoffs and wealth creation</subfield>
  </datafield>
  <datafield tag="260" ind1=" " ind2=" ">
   <subfield code="a">Cheltenham, U.K. ;</subfield>
   <subfield code="a">Northampton, Mass. :</subfield>
   <subfield code="b">Edward Elgar,</subfield>
   <subfield code="c">c2004.</subfield>
  </datafield>
  <datafield tag="300" ind1=" " ind2=" ">
   <subfield code="a">1 online resource (xii, 335 p.) :</subfield>
   <subfield code="b">ill.</subfield>
  </datafield>
  <datafield tag="490" ind1="1" ind2=" ">
   <subfield code="a">New horizons in entrepreneurship</subfield>
  </datafield>
  <datafield tag="504" ind1=" " ind2=" ">
   <subfield code="a">Includes bibliographical references and index.</subfield>
  </datafield>
  <datafield tag="505" ind1="0" ind2=" ">
   <subfield code="a">1. Introduction -- 2. Why do university spinoffs matter? -- 3. University spinoffs in historical perspective -- 4. Variation in spinoff activities across institutions -- 5. Environmental influences on spinoff activity -- 6. The types of technology that lead to university spinoffs -- 7. The industries where spinoffs occur -- 8. The role of people in university spinoffs -- 9. The process of spinoff company creation -- 10. The process of spinoff development -- 11. The financing of university spinoffs -- 12. The performance of university spinoffs -- 13. The problems with university spinoffs -- 14. Conclusions.</subfield>
  </datafield>
  <datafield tag="520" ind1=" " ind2=" ">
   <subfield code="a">In this unique and timely volume, Scott Shane systematically explains the formation of university spinoff companies and their role in the commercialization of university technology and wealth creation in the United States and elsewhere. The importance of university spinoff activity is discussed and the historical development of university spinoff ventures is traced over time.</subfield>
  </datafield>
  <datafield tag="650" ind1=" " ind2="0">
   <subfield code="a">High technology industries</subfield>
   <subfield code="z">United States.</subfield>
  </datafield>
  <datafield tag="650" ind1=" " ind2="0">
   <subfield code="a">University-based new business enterprises</subfield>
   <subfield code="z">United States.</subfield>
  </datafield>
  <datafield tag="650" ind1=" " ind2="0">
   <subfield code="a">Academic-industrial collaboration</subfield>
   <subfield code="z">United States.</subfield>
  </datafield>
  <datafield tag="650" ind1=" " ind2="0">
   <subfield code="a">Research, Industrial</subfield>
   <subfield code="z">United States.</subfield>
  </datafield>
  <datafield tag="650" ind1=" " ind2="0">
   <subfield code="a">Technology transfer</subfield>
   <subfield code="z">United States.</subfield>
  </datafield>
  <datafield tag="650" ind1=" " ind2="0">
   <subfield code="a">Entrepreneurship</subfield>
   <subfield code="z">United States.</subfield>
  </datafield>
  <datafield tag="655" ind1=" " ind2="7">
   <subfield code="a">Electronic books.</subfield>
   <subfield code="2">lcsh</subfield>
  </datafield>
  <datafield tag="710" ind1="2" ind2=" ">
   <subfield code="a">Edward Elgar Publishing.</subfield>
  </datafield>
  <datafield tag="776" ind1="1" ind2=" ">
   <subfield code="z">1843764547 (cased)</subfield>
   <subfield code="z">9781843764540 (hardback)</subfield>
   <subfield code="z">9781845422219 (pbk.)</subfield>
  </datafield>
  <datafield tag="830" ind1=" " ind2="0">
   <subfield code="a">New horizons in entrepreneurship.</subfield>
  </datafield>
  <datafield tag="856" ind1="4" ind2="0">
   <subfield code="u">https://www.elgaronline.com/view/9781843764540.xml</subfield>
  </datafield>
  <datafield tag="911" ind1=" " ind2=" ">
   <subfield code="a">2010_and_before_Business</subfield>
   <subfield code="b">2010_and_before</subfield>
   <subfield code="c">Business</subfield>
  </datafield>
 </record>
</collection>
